Návrh zníženia nepodarkovosti pri mokrom lakovaní pomocou QRQC
Na minha lista:
| Autor principal: | |
|---|---|
| Outros Autores: | |
| Formato: | Manuscrito Livro |
| Idioma: | eslovaco |
| Publicado em: |
2016
|
| Assuntos: | |
| Acesso em linha: | http://is.stuba.sk/zp/portal_zp.pl?podrobnosti=128975 |
| Tags: |
Sem tags, seja o primeiro a adicionar uma tag!
|
MARC
| LEADER | 00000ntm a22000003a 4500 | ||
|---|---|---|---|
| 001 | stuzp57837 | ||
| 003 | SK-STU | ||
| 005 | 20160719155358.6 | ||
| 007 | ta | ||
| 008 | 150427s2015----xo-----f-mn---000-0-slo-d | ||
| 040 | |a STU |b slo | ||
| 041 | 0 | |a slo | |
| 100 | 1 | |a Šuryová, Daniela |u 064000 |4 aut |U MTF Materiálovotechnologická fakulta |T MTF Ústav priemyselného inžinierstva a manažmentu |X 65504 |U M4000 |Y 84 |7 65504 | |
| 242 | 0 | 1 | |a Proposes to reduce wasters in wet painting using QRQC |y eng |
| 245 | 1 | 0 | |a Návrh zníženia nepodarkovosti pri mokrom lakovaní pomocou QRQC |
| 260 | |c 2016 | ||
| 650 | 4 | |a kvalita |2 slo | |
| 650 | 4 | |a nepodarkovosť |2 slo | |
| 650 | 4 | |a QRQC |2 slo | |
| 650 | 4 | |a quality |2 eng | |
| 650 | 4 | |a wasters |2 eng | |
| 650 | 4 | |a QRQC |2 eng | |
| 700 | 1 | |a Lestyánszka Škůrková, Katarína |u 064000 |k Z1 |4 ths |U MTF Materiálovotechnologická fakulta |T MTF Ústav priemyselného inžinierstva a manažmentu |X 61397 |U M4000 |Y 84 |7 61397 | |
| 856 | 4 | |u http://is.stuba.sk/zp/portal_zp.pl?podrobnosti=128975 | |
| 996 | |c M* BP-7752 |l MMSKP |s P |a 0 |w stuzp57837_0001 | ||
| SQL | |a stuzp57837 |b DBP |c SLO |d Návrh zníženia nepodarkovosti pri mokrom lakovaní pomocou QRQC |e 65504 |f Šuryová, Daniela |g 064000 |h 61397 |i Lestyánszka Škůrková, Katarína |j 20160628 |k 171 |l 06 |m http://is.stuba.sk/zp/portal_zp.pl?podrobnosti=128975 |n B-KPR |o 5.2.57. kvalita produkcie | ||